[Event "Feuille d'Erable (Open)"]
[Site "Gatineau"]
[Date "2018.11.20"]
[Round "5"]
[White "Danilov Alex"]
[Black "Bastien Andre"]
[Result "0-1"]
[BlackElo "1815"]
[EventDate "2018.11.20"]
[WhiteElo "1669"]

1.Nf3 Nf6 2.c4 e6 3.Nc3 d5 4.e3 c5 5.d4 Nc6 6.cxd5 Nxd5 7.Bb5 Nxc3 8.bxc3 Bd7 9.O-O a6 10.Bd3 Be7 11.a4 Bf6 12.Rb1 Qc7 13.Ba3 Be7 14.Qc2 c4 0-1

[Event "Feuille d'Erable (Open)"]
[Site "Gatineau"]
[Date "2018.11.20"]
[Round "5"]
[White "Gagnon Fabien"]
[Black "Desjardins Michel"]
[Result "1/2-1/2"]
[BlackElo "1967"]
[EventDate "2018.11.20"]
[WhiteElo "1892"]

1.c4 e6 2.g3 d5 3.Bg2 Nf6 4.Nf3 Be7 5.d4 O-O 6.O-O b6 7.cxd5 exd5 8.Nc3 Bb7  9.Bf4 Nh5 10.Be3 Nf6 11.Qb3 Nc6 12.Ne5 Na5 13.Qc2 Ba6 14.Bg5 Bb7 15.Rfd1 c6  16.b3 h6 17.Bf4 Nd7 18.Qf5 Nxe5 19.dxe5 Qc8 20.Qh5 Bb4 21.Bh3 Qd8 22.Ne4 dxe4  23.Rxd8 Raxd8 24.Bxh6 gxh6 25.Qxh6 Bc8 26.e6 Bxe6 27.Bxe6 fxe6 28.Qg6+  1/2-1/2

[Event "Feuille d'Erable (Open)"]
[Site "Gatineau"]
[Date "2018.11.20"]
[Round "5"]
[White "Raymond Daniel"]
[Black "Rioux Jocelyn"]
[Result "1-0"]
[BlackElo "1665"]
[EventDate "2018.11.20"]
[WhiteElo "1769"]

{ Commentaires de Daniel. } 1.e4 e6 2.d4 d5 3.exd5 exd5 4.c4 Nf6 5.Nc3 Be7  6.Nf3 O-O 7.Be2 dxc4 8.Bxc4 Re8  { Les noirs se créent une petite faiblesse en f7. } 9.O-O Bd6  { Cc6 pour poursuivre le développement. } 10.Bg5 h6 11.Bh4 c6 12.Qb3  { Les blancs profitent de la diagonale a2-f7. } 12...Rf8 13.Ne5 Qc7 14.Bg3  Bxe5 { b5 aurait été une meilleure option pour les noirs. } 15.dxe5 Nh7 16.e6  Qe7 17.exf7+ Kh8 18.Rfe1 Qf6 19.Ne4 Qg6 20.Nd6 Nd7 21.Qe3  { Pour centraliser la dame, mais je crois qu'il y avait un meilleur coup. }  21...Ndf6 22.Bd3 Qg5 23.h4 { De7 accentuait la pression. } 23...Qxe3 24.Rxe3  Nd5 25.Re5 Bd7 26.Bc4 Nb6 27.Bb3 Nf6 28.Rae1 Nc8 29.Nxb7 Rb8 30.Nc5 Ng4 $2  { Les blancs vont gagner du matériel. } 31.Nxd7 Rxb3 32.Re8 Rxb2 33.Rxf8+ Kh7  34.Rxc8 Rb7 35.f8=Q Rxd7 36.Qf5+ g6 37.Qxd7# 1-0

[Event "Feuille d'Erable (Open)"]
[Site "Gatineau"]
[Date "2018.11.20"]
[Round "5"]
[White "Latreille Etienne"]
[Black "Piche Guy"]
[Result "1-0"]
[BlackElo "1602"]
[EventDate "2018.11.20"]
[WhiteElo "1475"]

1.d4 Nf6 2.c4 g6 3.Nf3 Bg7 4.e3 c5 5.Be2 O-O 6.O-O cxd4 7.exd4 d5 8.Nc3 e6  9.c5 a6 10.Be3 Nc6 11.Rb1 b5 { Te8 meilleur } 12.b4 Bd7 13.a4 Na7 14.axb5  axb5 15.Bd3 Ne8 16.Qd2 Nc7 17.Bh6 Nc8 18.Bxg7 Kxg7 19.Ra1 Ne7 20.Qe2 Rxa1  21.Rxa1 Qb8 22.Qe5+ f6 23.Qd6 Qd8 24.Ra7 Nc8 25.Qxc7 Nxa7 26.Qxa7 Rf7 27.Qa6  Qb8 28.c6 Bxc6 { Fc8 meilleur mais il voulait me faire peur je pense }  29.Qxc6 Rc7 30.Qxb5 Qc8 31.Ne2 Ra7 32.g3 e5 33.dxe5 Qh3 34.exf6+ Kh6 35.Nf4  Ra1+ 36.Bf1  { Guy: "AH! il y avait une dame là" en chuchotant, ce qui m'a bien fait  rire. } 36...Qf5 37.Qxd5 Qxf6 38.Qe5 Qa6 39.b5 Qa3 40.Ne6 Rxf1+ 41.Kxf1 Qd3+  42.Kg2 Qxf3+  { Ayayaye... Guy m'a bien fait une p'tite frayeur à ce moment là, car dans  ma tête je croyais qu'il avait PAT si je capturais la dame. } 43.Kh3 Qg4+  { Sur ce coup il me propose la nulle, que j'ai failli accepter mais que je  refuse (Heureusement) pour réfléchir pendant 15 minutes! D'un coup, je  souris à Guy, il me bluffait depuis 20 minutes car je m'aperçois que ce n'est pas du tout PAT! 🙂 }  44.Kxg4  { En tout cas, merci à Guy pour cette partie des plus... stressante! } 1-0

[Event "Feuille d'Erable (Open)"]
[Site "Gatineau"]
[Date "2018.11.20"]
[Round "5"]
[White "Azar Sebastien"]
[Black "Jobin Gilles G."]
[Result "1-0"]
[BlackElo "1822"]
[EventDate "2018.11.20"]
[WhiteElo "1766"]

1.e4 d6 2.d4 Nf6 3.Nc3 e5 4.Nf3 Nbd7 5.Bc4 Be7 6.Bxf7+  { J'avais vu cette variante il y quelques années dans le livre sur la LION  et je savais qu'elle n'était pas bonne pour les Blancs. (GGJ) } 6...Kxf7  7.Ng5+ Kg8 8.Ne6 Qe8 9.Nxc7 Qg6 10.Nxa8 Qxg2 11.Rf1 exd4 12.Qxd4 Ne5 13.f4  Bh3 $4 ( 13...Nfg4 $19 14.Qd5+ ( 14.fxe5 Bh4+ ) 14...Nf7 ) 14.Qf2 Qxf1+  15.Qxf1 Bxf1 16.fxe5 $18 dxe5 17.Kxf1 Bd8 18.Bg5 Kf7 19.Bxf6 gxf6 20.Nd5 Be7  21.Nxe7 Kxe7 22.Nc7 Kd6 23.Nd5 f5 24.Rd1 fxe4 25.Nc3+ Ke6 26.Nxe4 Rf8+ 27.Ke2  Rf4 28.Nc5+ Ke7 29.Rd7+ Kf6 30.Rxh7 Rc4 31.Nd3 e4 32.Ne1 Rb4 33.b3 a5 34.Ke3  a4 35.h4 axb3 36.axb3 Rb5 37.Kd4 Kg6 38.Re7 Kf5 39.h5 Kf6 40.Rxe4 Rxh5 41.c4  b5 42.c5 1-0

[Event "Feuille d'Erable (Open)"]
[Site "Gatineau"]
[Date "2018.11.20"]
[Round "5"]
[White "Masse-Garneau Anthony"]
[Black "Arsenault Michel"]
[Result "1-0"]
[BlackElo "1875"]
[EventDate "2018.11.20"]
[WhiteElo "1563"]

1.d4 Nf6 2.c4 e6 3.Nf3 b6 4.g3 Bb7 5.Bg2 Be7 6.O-O O-O 7.Nc3 Ne4 8.Qc2 f5  9.Ne5 d5 10.Nxe4 fxe4 11.Bh3 Bc8 12.Bf4 c5 13.dxc5 Bxc5 14.Rad1 Qf6 15.cxd5  exd5 16.Bxc8 Rxc8 17.Qb3 1-0

[Event "Feuille d'Erable (-1600)"]
[Site "Gatineau"]
[Date "2018.11.20"]
[Round "5"]
[White "Pearce Thomas"]
[Black "Dupont-Mageau Nicolas"]
[Result "0-1"]
[BlackElo "1500"]
[EventDate "2018.11.20"]
[WhiteElo "1521"]

1.d4 Nf6 2.c4 e5 3.Bg5 h6 4.Bd2 exd4 5.g3 d5 6.cxd5 Qxd5 7.Nf3 c5 8.Bg2 Nc6  9.Nh4 Qe6 10.O-O Bd6 11.e4 O-O 12.Re1 Ne5 13.Nf5 Nd3 14.Bxh6 Nxe1 15.Bh3  0-1

[Event "Feuille d'Erable (-1600)"]
[Site "Gatineau"]
[Date "2018.11.20"]
[Round "5"]
[White "Sun Roy"]
[Black "Lecorre Joel"]
[Result "1-0"]
[BlackElo "1505"]
[EventDate "2018.11.20"]
[WhiteElo "1245"]

1.d4 Nf6 2.Nc3 d5 3.Bf4 c5 4.Nf3 e6 5.Nb5 Qa5+ 6.Nc3 Nc6 7.e3 a6 8.Be2 Ne4  9.O-O Nxc3 10.bxc3 Qxc3 11.Ne5 Be7 12.Bd3 b5 13.Qh5 Nxe5 14.Bxe5 g6 15.Qh3 f6  16.Bxg6+ Kd8 17.Bg3 e5 18.Qh5 Be6 19.dxe5 Bg4 20.Qxg4 hxg6 21.Qxg6 fxe5  22.Rad1 1-0

[Event "Feuille d'Erable (-1600)"]
[Site "Gatineau"]
[Date "2018.11.20"]
[Round "5"]
[White "Bourbonnais Luc"]
[Black "Berthiaume Serge"]
[Result "1-0"]
[BlackElo "1480"]
[EventDate "2018.11.20"]
[WhiteElo "1392"]

1.Nf3 c5 2.e4 Nc6 3.g3 d6 4.Bg2 Bg4 5.O-O Nd4 6.d3 Nxf3+ 7.Bxf3 Bxf3 8.Qxf3  e5 9.Nc3 Ne7 10.a4 Ng6 11.Nd5 Be7 12.h4 O-O 13.h5 Nh8 14.Kg2 Bg5 15.Bxg5 Qxg5  16.Qg4 Qd8 17.h6 g6 18.Qd7 Re8 19.Qxe8+ Qxe8 20.Nf6+ Kf8 21.Nxe8 Rxe8 22.f4  Ke7 23.f5 g5 24.f6+ Ke6 25.Rf5 g4 26.Rg5 Ng6 27.Rxg4 Rg8 28.Kh3 Rc8 29.Rf1 c4  30.dxc4 Rxc4 31.c3 Rxa4 32.Rxg6 1-0

[Event "Feuille d'Erable (-1600)"]
[Site "Gatineau"]
[Date "2018.11.20"]
[Round "5"]
[White "Sabourin Yves"]
[Black "Fex John"]
[Result "1-0"]
[BlackElo "1384"]
[EventDate "2018.11.20"]
[WhiteElo "1464"]

1.e4 e5 2.Nf3 d6 3.Bc4 Bg4 4.d4 Nc6 5.c3 Bxf3 6.Qxf3 Nf6 7.Bg5 Be7 8.d5 Na5  9.Bd3 a6 10.b4 h6 11.Bxf6 Bxf6 12.bxa5 c6 13.Bc4 Qxa5 14.O-O b5 15.Bb3 c5  16.c4 Ke7 17.Qc3 b4 18.Qb2 h5 19.a3 g5 20.axb4 Qxb4 21.Qc3 a5 22.Qxb4 axb4  23.Nd2 g4 24.Ba4 Bg5 25.Nb3 h4 26.Bc6 Ra3 27.Rxa3 bxa3 28.Ra1 Rb8 29.Rxa3 Kf6  30.Bb5 h3 31.Ra6 Ke7 32.Ra7+ Kf6 33.Rd7 Rb6 34.Na5 Bh6 35.Rb7 Rxb7 36.Nxb7  Ke7 37.Na5 Bf8 38.f3 gxf3 39.gxf3 Kf6 40.Bd7 Kg5 41.Bxh3 Kf4 42.Kf2 Kg5  43.Kg3 Be7 44.Bf5 Kh5 45.Bg4+ Kg5 46.h4+ Kh6 47.Nc6 Bf8 48.f4 f6 49.fxe5 fxe5  50.Bf5 Kh5 51.Bg4+ Kh6 52.Nd8 Be7 53.Ne6 Bf6 54.h5 Be7 55.Kf3 Bf6 56.Ke2 Be7  57.Kd2 Bf6 58.Kc2 Kh7 59.Kb3 Kg8 60.Ka4 Kf7 61.Kb5 Ke7 62.Kc6 Bh8 63.h6 Bf6  64.Kc7 Bh8 65.Ng7 1-0

[Event "Feuille d'Erable (-1600)"]
[Site "Gatineau"]
[Date "2018.11.20"]
[Round "5"]
[White "Simard Paul"]
[Black "Arcand Pierre"]
[Result "1-0"]
[BlackElo "1175"]
[EventDate "2018.11.20"]
[WhiteElo "1167"]

1.d4 d5 2.c4 dxc4 3.e4 Nf6 4.Nc3 e6 5.Bxc4 Bb4 6.a3 Bxc3+ 7.bxc3 O-O 8.e5 Ne4  9.Ne2 h6 10.O-O b6 11.f3 Ng5 12.Bd3 f6 13.f4 Nh7 14.Be4 c6 15.exf6 Nxf6  16.Ng3 Nxe4 17.Nxe4 Bb7 18.Qg4 Qd5 19.Qg6 Qf5 20.Qxf5 exf5 21.Ng3 Nd7 22.Re1  c5 23.Re7 Rad8 24.Be3 g6 25.Re6 Rfe8 26.Rxe8+ Rxe8 27.Bf2 cxd4 28.Bxd4 Kf7  29.Nf1 Nf6 30.Nd2 Ne4 31.Nc4 Ke6 32.Re1 Kd7 33.Ne5+ Ke6 34.Nxg6 Rg8 35.Nh4  Rg4 36.g3 Kd5 37.Nxf5 h5 38.Ne3+ Kc6 39.Nxg4 hxg4 40.Rxe4 Kb5 41.Re3 Ka4  42.Re7 Ba6 43.Rxa7 Ka5 44.f5 1-0

[Event "Feuille d'Erable (45/30)"]
[Site "Gatineau"]
[Date "2018.11.20"]
[Round "5"]
[White "Boutin Michel"]
[Black "Cayen Jean-Philippe"]
[Result "0-1"]
[BlackElo "1422"]
[EventDate "2018.11.20"]
[WhiteElo "930"]

1.d4 g6 2.c3 e6 3.Nf3 Bg7 4.e3 b6 5.Bb5 Bb7 6.O-O Ne7 7.Nbd2 O-O 8.b3 a6  9.Bc4 b5 10.Be2 d5 11.Ba3 Nd7 12.Qc1 Re8 13.c4 dxc4 14.bxc4 c6 15.Qc2 e5  16.h4 exd4 17.exd4 Nf5 18.Rfe1 Nxd4 19.Nxd4 Bxd4 20.Rad1 Qxh4 21.Nf3 Qxf2+  22.Kh2 c5 23.Rf1 Qxe2 24.Qxe2 Rxe2 25.Ng5 Rxg2+ 26.Kh3 Rxg5 27.Bc1 Rh5+  28.Kg4 Nf6+ 29.Kg3 Re8 30.Rxd4 cxd4 31.Rxf6 bxc4 32.Kg4 d3 33.Rb6 Bc8+ 34.Kg3  Rc5 35.Rb2 c3 36.Rf2 Re2 37.Rf1 d2 38.Ba3 Rc6 39.Rd1 c2 40.Rf1 d1=Q 41.Rxd1  cxd1=Q 0-1

[Event "Feuille d'Erable (45/30)"]
[Site "Gatineau"]
[Date "2018.11.20"]
[Round "5"]
[White "Traversy Pierre"]
[Black "Legare Gilles"]
[Result "1-0"]
[BlackElo "1078"]
[EventDate "2018.11.20"]
[WhiteElo "1095"]

1.d4 Nf6 2.c4 e6 3.a3 d6 4.Nf3 b6 5.Nc3 c6 6.Bg5 Be7 7.g3 Bb7 8.Bg2 a6 9.b4  Nbd7 10.O-O Rb8 11.Re1 O-O 12.Qc2 b5 13.c5 d5 14.a4 a5 15.Rab1 Ba6 16.e3 bxa4  17.bxa5 Qxa5 18.Nxa4 Rxb1 19.Rxb1 Bc4 20.Ne5 Rb8 21.Rc1 Bb5 22.Nc3 Bf8  23.Nxb5 Qxb5 24.Bf1 Qb7 25.Bd3 Ne4 26.Nxd7 Qxd7 27.Bxe4 dxe4 28.Qxe4 Qd5  29.Qxd5 exd5 30.Bf4 g6 31.Bxb8 1-0

[Event "Feuille d'Erable (Open)"]
[Site "Gatineau"]
[Date "2018.11.13"]
[Round "4"]
[White "Piche Guy"]
[Black "Bastien Andre"]
[Result "1-0"]
[BlackElo "1815"]
[EventDate "2018.11.13"]
[WhiteElo "1602"]

1.d4 d5 2.c4 c6 3.e3 Nf6 4.Nf3 e6 5.Bd3 dxc4 6.Bxc4 b5 7.Bd3 Bb7 8.Nc3 Nbd7  9.Bd2 Bd6 10.O-O O-O 11.Rc1 a6 12.Ne4 Qe7 13.a3 Nxe4 14.Bxe4 Rfc8 15.h4 Nf6  16.Bb1 c5 17.Bc3 Ne4 18.Bxe4 Bxe4 19.Ng5 Bg6 20.f4 f6 21.h5 Be8 22.Ne4 cxd4  23.Qxd4 Rd8 24.Nxd6 Rxd6 25.Qe4 Bc6 26.Bxf6 Qb7 27.Qe5 gxf6 28.Qxd6 Be8  29.Rc7 Qe4 30.Rf3 1-0

[Event "Feuille d'Erable (Open)"]
[Site "Gatineau"]
[Date "2018.11.13"]
[Round "4"]
[White "Rioux Jocelyn"]
[Black "Azar Sebastien"]
[Result "1/2-1/2"]
[BlackElo "1766"]
[EventDate "2018.11.13"]
[WhiteElo "1665"]

1.e4 d6 2.d4 g6 3.Nf3 Bg7 4.Be2 Nc6 5.Nc3 Bg4 6.Be3 e6 7.h3 Bxf3 8.Bxf3 Nge7  9.O-O O-O 10.Qd2 f5 11.Ne2 fxe4 12.Bxe4 d5 13.Bd3 e5 14.c3 e4 15.Bc2 Na5  16.b3 c6 17.Bh6 Bxh6 18.Qxh6 Nf5 19.Qd2 Nh4 20.Ng3 b6 21.Qe2 h5 22.b4 Nb7  23.Bb3 Qg5 24.Qxe4 Rae8 25.Qd3 Nxg2 26.Kxg2 h4 27.Rae1 hxg3 28.Qxg3 Qxg3+  29.fxg3 Nd6 30.Rxf8+ Kxf8 31.Rxe8+ Kxe8 32.Kf3 b5 33.Bc2 Kf7 34.Bd3 Kf6 35.h4  g5 36.h5 Nf7 37.Bg6 Nd6 38.Kg4 Ne4 39.Be8 Nxc3 40.Bxc6 Nxa2 41.Bxb5 Nxb4  42.h6 Nc2 43.h7 Kg7 44.Kxg5 Nxd4 45.Bd3 a5 46.Kf4 a4 47.Bb1 Nb3 48.Ke3 a3  49.g4 d4+ 50.Kd3 Nc1+ 51.Kxd4 a2 52.Bxa2 Nxa2 53.Ke5 Kxh7 54.Kf6 Kg8 55.Kg6  Nb4 1/2-1/2

[Event "Feuille d'Erable (Open)"]
[Site "Gatineau"]
[Date "2018.11.13"]
[Round "4"]
[White "Arsenault Michel"]
[Black "Latreille Etienne"]
[Result "1-0"]
[BlackElo "1478"]
[EventDate "2018.11.13"]
[WhiteElo "1875"]

1.c4 c5 2.g3 Nc6 3.Bg2 g6 4.Nc3 Bg7 5.a3 Nf6 6.Rb1 a5 7.Nf3 O-O 8.O-O d6 9.d3  Bd7 10.Bd2 Qc8 11.Na4 Ra6 12.Qb3 Qc7 13.Bc3 Na7 14.Nd2 Rb8 15.Bxf6 Bxa4  16.Qxa4 Bxf6 17.Ne4 b5 18.Nxf6+ exf6 19.cxb5 Nxb5 20.e3 Qa7 21.Rfc1 Rab6  22.Rc4 Qa6 23.Rbc1 Na7 24.d4 Rxb2 25.dxc5 dxc5 26.Bf1 Qb5 27.Qxb5 Nxb5  28.Rxc5 Nxa3 29.Rxa5 Nb5 30.Rc6 Kg7 31.Raa6 f5 32.Rab6 Na7 33.Rxb2 Nxc6  34.Rxb8 Nxb8 35.Bb5 Kf6 36.Kg2 Ke7 37.h4 h5 38.Kf3 Nd7 39.Bxd7 Kxd7 40.Kf4 f6  41.e4 fxe4 42.Kxe4 Ke6 43.Kf4 Kd6 44.f3 Ke6 45.g4 hxg4 46.fxg4 g5+  { Ici, nous pensions tous qu'il s'agissait de l'erreur fatale. Pourtant, la  Table des Finales indique que la position est archi nulle ! } 47.hxg5 fxg5+  $4 { Elle est ici l'erreur qui donne le gain aux Blancs. Il fallait jouer : }  ( 47...Kf7 $10 48.Kf5 fxg5 49.Kxg5 Kg7 ) 48.Kxg5 Kf7 49.Kh6 Kg8 50.Kg6 Kh8  51.Kh6 Kg8 52.g5 Kh8 53.g6 Kg8 54.g7 1-0

[Event "Feuille d'Erable (Open)"]
[Site "Gatineau"]
[Date "2018.11.13"]
[Round "4"]
[White "Desjardins Michel"]
[Black "Jobin Gilles G."]
[Result "1-0"]
[BlackElo "1822"]
[EventDate "2018.11.13"]
[WhiteElo "1967"]

1.e4 e5 2.Nc3 d6 3.Bc4 Be7 4.d3 Nf6 5.f4 exf4 6.Bxf4 Nc6 7.Nf3 Bg4 8.h3 Bxf3  9.Qxf3 Na5 10.Bb3 Nxb3 11.axb3 c6 12.O-O O-O 13.Nd1 Nd7 14.d4 Qb6 15.c3 f5  16.exf5 Rxf5 17.Qg4 Raf8 18.Ne3 Ne5 19.Qg3 Rh5 20.dxe5 dxe5 21.Bxe5 Rxf1+  22.Rxf1 Rg5 23.Qf4 Qxb3 24.Nc4 1-0

[Event "Feuille d'Erable (-1600)"]
[Site "Gatineau"]
[Date "2018.11.13"]
[Round "4"]
[White "Dupont-Mageau Nicolas"]
[Black "Iyamuremye Gervais"]
[Result "1-0"]
[BlackElo "1472"]
[EventDate "2018.11.13"]
[WhiteElo "1500"]

1.e4 e5 2.Nf3 Nc6 3.Bb5 d6 4.d4 exd4 5.Nxd4 Bd7 6.Nxc6 Bxc6 7.Bxc6+ bxc6  8.O-O Be7 9.c4 Nf6 10.Nc3 O-O 11.b3 Nd7 12.Bb2 Bf6 13.f4 Re8 14.Qf3 Bd4+  15.Kh1 f6 16.e5 dxe5 17.Qxc6 Qc8 18.Rad1 Nc5 19.Nb5 Bxb2 $2 ( 19...Re6 $17 )  20.Qxc5 Rd8 $4 21.Rxd8+ Qxd8 22.Nxc7 Rc8 23.Qd5+ Kh8 24.Qxd8+ Rxd8 25.Nd5  exf4 26.Nxf4 $2 $15 ( 26.Rxf4 $16 ) 26...Rd2 27.Re1 Be5 28.g3 Rxa2 $2 (  28...Kg8 $10 ) 29.Nd3 h6 $6 ( 29...Kg8 30.Nxe5 fxe5 31.Rxe5 a5 32.c5 Rc2  33.c6 Rxc6 34.Rxa5 Rb6 ) 30.Nxe5 fxe5 31.Rxe5 Rb2 32.Re3 a5 33.Rc3 1-0

[Event "Feuille d'Erable (-1600)"]
[Site "Gatineau"]
[Date "2018.11.13"]
[Round "4"]
[White "Seguin Hubert"]
[Black "Sun Roy"]
[Result "1/2-1/2"]
[BlackElo "1245"]
[EventDate "2018.11.13"]
[WhiteElo "1564"]

1.e4 Nc6 2.d4 e6 3.Nf3 d5 4.e5 f6 5.Bf4 Bd7 6.c4 Qe7 7.a3 dxc4 8.Bxc4 O-O-O  9.O-O Kb8 10.Nc3 g5 11.exf6 Nxf6 12.Bxg5 h6 13.Bh4 Qg7 14.Re1 Be7 15.Bxe6  Bxe6 16.Rxe6 Nh5 17.Bg3 Nxg3 18.hxg3 Nxd4 19.Nxd4 Rxd4 20.Qe2 Bf6 21.Re8+ Rd8  22.Rxh8 Qxh8 23.Rc1 a6 24.Qf3 Rd2 25.Ne4 Bxb2 26.Nc5 Qc8 27.Rb1 Rc2 28.Nxa6+  Ka8 29.Nb4 Rc1+ 30.Rxc1 Bxc1 31.Nd5 Ka7 32.Qc3 Bg5 33.Qxc7 Qe6 34.Qa5+ Qa6  35.Qxa6+ Kxa6 36.f4 Bd8 37.Kf2 Ka5 38.Ke3 Ka4 39.f5 Kxa3 40.f6 Bxf6 41.Nxf6  Kb4 42.Ne4 b5 43.Kd4 Kb3 44.Kd3 Kb2 45.Nc5 Kc1 46.Ke2 Kc2 47.Nd3 Kc3  1/2-1/2

[Event "Feuille d'Erable (-1600)"]
[Site "Gatineau"]
[Date "2018.11.13"]
[Round "4"]
[White "Sabourin Yves"]
[Black "Pearce Thomas"]
[Result "0-1"]
[BlackElo "1521"]
[EventDate "2018.11.13"]
[WhiteElo "1464"]

1.e4 c5 2.c3 e6 3.d4 cxd4 4.cxd4 Nf6 5.Bd3 Nc6 6.Nf3 b6 7.Bf4 Bb4+ 8.Nc3 Bb7  9.a3 Be7 10.O-O d6 11.Qc2 Nh5 12.Bd2 O-O 13.e5 g6 14.Be4 d5 15.Bd3 Rc8 16.Bb5  f5 17.Bxc6 Bxc6 18.Qc1 f4 19.g3 g5 20.g4 Ng7 21.b4 Be8 22.Qb2 h5 23.h3 Bg6  24.Rac1 hxg4 25.hxg4 Be4 26.Nxe4 dxe4 27.Rxc8 Qxc8 28.Rc1 Qb7 29.Ne1 Kf7  30.Qc3 Rh8 31.Qc6 Qxc6 32.Rxc6 Rh4 33.f3 exf3 34.Nxf3 Rxg4+ 35.Kf2 Nf5 36.Rc7  Nh4 37.Nxh4 Rxh4 38.Rxa7 Rh7 39.Rb7 Kg6 40.Rxb6 Kf5 41.Rb7 g4 42.b5 Bh4+  0-1

[Event "Feuille d'Erable (-1600)"]
[Site "Gatineau"]
[Date "2018.11.13"]
[Round "4"]
[White "Fex John"]
[Black "Raymond Robert"]
[Result "0-1"]
[BlackElo "1261"]
[EventDate "2018.11.13"]
[WhiteElo "1384"]

1.e4 e5 2.Nf3 Nc6 3.Bc4 Bc5 4.d3 Nf6 5.h3 O-O 6.a3 h6 7.O-O a6 8.Be3 Ba7  9.Bxa7 Rxa7 10.Nc3 d6 11.Bd5 Bd7 12.b4 Ne7 13.Qd2 Nexd5 14.exd5 c6 15.Qe3 Ra8  16.dxc6 Bxc6 17.Ne4 Nd5 18.Qd2 f5 19.Nc3 Nxc3 20.Qxc3 Bxf3 21.Qc4+ d5 22.Qb3  Bh5 23.f3 Bf7 24.Qb2 e4 25.fxe4 fxe4 26.d4 Be6 27.c3 Qg5 28.Rxf8+ Rxf8 29.Kh2  Qf4+ 30.g3 Qf2+ 31.Qxf2 Rxf2+ 32.Kg1 Rc2 33.h4 Rxc3 34.Kg2 Rd3 35.b5 Rxd4  36.a4 a5 37.Ra3 b6 38.Kf2 Rd3 39.Ra1 Rc3 40.Kg2 Bg4 41.Kg1 Rxg3+ 42.Kf2 Rc3  43.Rg1 Bf3 44.Rg6 Bd1 45.Rxb6 Bxa4 46.Rb8+ Kh7 47.b6 Kg6 48.b7 Rb3 49.Ke2 Bc6  50.Ra8 Bxb7 51.Rxa5 Kh5 52.Ra1 Kxh4 53.Rg1 g5 54.Rh1+ Rh3 55.Rb1 Ba6+ 56.Kd2  Rd3+ 57.Ke1 g4 58.Rb6 Re3+ 59.Kd2 Rd3+ 60.Kc2 Bc4 61.Rxh6+ Kg5 62.Rh1 g3  63.Rh8 Kf4 64.Rf8+ Ke3 65.Rg8 g2 66.Rxg2 Kf3 67.Rg7 Ke3 68.Rg3+ Kf2 69.Rg7 e3  70.Rf7+ Ke2 71.Re7 Ke1 72.Rg7 Rd2+ 73.Kc3 Rf2 74.Rg1+ Rf1 75.Rg3 e2 76.Rg2  Rf2 77.Rg1+ Rf1 78.Rg2 Kd1 79.Rxe2 0-1

[Event "Feuille d'Erable (-1600)"]
[Site "Gatineau"]
[Date "2018.11.13"]
[Round "4"]
[White "Simard Paul"]
[Black "Lebel Benoit"]
[Result "0-1"]
[BlackElo "1121"]
[EventDate "2018.11.13"]
[WhiteElo "1167"]

1.d4 Nf6 2.c4 d5 3.cxd5 e6 4.dxe6 Bxe6 5.Nc3 Nc6 6.Nf3 h6 7.e4 Bg4 8.h3 Bxf3  9.gxf3 Qxd4 10.Be3 Qd7 11.e5 Nxe5 12.Bb5 c6 13.Qxd7+ Nfxd7 14.Be2 Be7  15.O-O-O Rd8 16.f4 Ng6 17.Bxa7 b6 18.Rxd7 Rxd7 19.Bxb6 Nxf4 20.Bf3 O-O 21.Re1  Nd3+ 22.Kd1 Nxe1+ 23.Kxe1 Re8 24.Bxc6 Bh4+ 25.Ne2 Rde7 26.Bxe8 Rxe8 27.a4 Bd8  28.Bxd8 Rxd8 29.b4 Rb8 30.b5 h5 31.Nc3 g5 32.a5 g4 33.hxg4 h4 34.Kf1 Kf8  35.b6 Ke7 36.Nb5 Kd7 37.Nc7 Kc6 38.Kg2 Rh8 39.Kh3 f6 40.f4 Rh6 41.g5 fxg5  42.fxg5 Rh5 43.g6 Rg5 44.Kxh4 Rxg6 45.Kh5 Rg1 46.Nb5 Kxb5 47.b7 Rg8 48.a6  Kxa6 49.Kh4 Kxb7 50.Kh5 Kc6 51.Kh4 Kd5 52.Kh5 Ke5 53.Kh4 Kf5 54.Kh3 Kf4  55.Kh2 Kf3 56.Kh3 Rh8# 0-1

[Event "Feuille d'Erable (45/30)"]
[Site "Gatineau"]
[Date "2018.11.13"]
[Round "4"]
[White "Lepine Louis"]
[Black "Arcand Pierre"]
[Result "0-1"]
[BlackElo "1175"]
[EventDate "2018.11.13"]
[WhiteElo "1025"]

1.d4 d5 2.Bf4 Nf6 3.Nc3 e6 4.e3 a6 5.Bd3 Bb4 6.Ne2 O-O 7.O-O Nc6 8.f3 Re8  9.Ng3 e5 10.dxe5 Nxe5 11.Bxe5 Rxe5 12.e4 Bxc3 13.bxc3 dxe4 14.fxe4 Bg4 15.Qe1  Nd5 16.c4 Nf6 17.Rb1 Rb8 18.c3 Qxd3 19.Rd1 Bxd1 20.Qxd1 Rd8 21.Qe1 Qxc4  22.Rxf6 gxf6 23.Nf5 Rxf5 24.exf5 Qc5+ 25.Kh1 Qxf5 26.h3 Qe5 27.Qxe5 fxe5  0-1

[Event "Feuille d'Erable (Open)"]
[Site "Gatineau"]
[Date "2018.11.06"]
[Round "3"]
[White "Latreille Etienne"]
[Black "Desjardins Michel"]
[Result "1/2-1/2"]
[BlackElo "1967"]
[EventDate "2018.11.06"]
[WhiteElo "1478"]

{ Commentaires d'Étienne: } 1.d4 d5 2.Bf4 c5 3.c3 Nc6 4.e3 Nf6 5.Nd2 Qb6 6.Qc2  g6 7.dxc5 Qxc5 8.Nb3 Qb6 9.Nf3 Bf5 10.Bd3 Bxd3 11.Qxd3 Bg7 12.Ne5 O-O 13.g4  { À ce moment, je prévoyais faire le grand roque et directement attaquer de  l'autre côté. } 13...e6 14.g5 Nxe5 15.Bxe5 Ne4 $1 16.Bxg7 Kxg7 17.h4  { Je n'avais pas prévu un tel coup comme Ce4 qui m'empêche de grand roquer  } 17...a5 18.Rh3 $2  { Au lieu de Th3 j'aurais dû jouer directement Dd4+ pour éviter la poussée  du pion A } 18...a4 19.Qd4+ Qxd4 20.Nxd4 a3 $1 21.bxa3 Rxa3 22.f3 Nxc3 23.Nc2  Rxa2 24.Rxa2 Nxa2  { Bon, je suis en finale avec 2 pions en moins et une tour mal placée...  Qu'est-ce quil pourrait mal se passer? 🙂 } 25.Kd2 Rc8 26.Rh1 Nc3 27.Ra1 Nb5  28.Rb1 Nd6 29.Nd4 { La poussée e5 n'est pas possible à cause de Cb5 } 29...h5  30.Kd3 Kf8 31.Rb6 Ke7 32.e4 dxe4+ 33.fxe4 Rc7 34.Rb1 Kd8 35.Nf3 Kc8 36.Rb4  Rc5 { Tc1! } 37.Kd4 Rb5 $2  { Je m'attendais à du Ta5 ou Tc1 mais échanger les tours fait  instantanément perdre l'avantage des noirs } 38.Rxb5 Nxb5+ 39.Kc5  { Ne peut plus revenir en d6 pour protéger le pion F après Ce5 } 39...Nc3  40.Kd4 Ne2+ 41.Ke3 Ng3 42.Kf4 Ne2+ 43.Ke3  { Je n'ai pas encore eu le temps de l'analyser sur l'ordinateur mais je  crois que j'ai une position gagnante mais je n'ai pas voulu risquer plus,  j'ai déjà réussi à éviter la défaite! Belle partie en tout cas! } 1/2-1/2

[Event "Feuille d'Erable (Open)"]
[Site "Gatineau"]
[Date "2018.11.06"]
[Round "3"]
[White "Gagnon Fabien"]
[Black "Thibault Mario"]
[Result "1-0"]
[BlackElo "1840"]
[EventDate "2018.11.06"]
[WhiteElo "1892"]

1.d4 Nf6 2.Nf3 g6 3.c4 Bg7 4.Nc3 d6 5.g3 O-O 6.Bg2 c6 7.O-O Qa5 8.e4 Bg4 9.h3  Bxf3 10.Qxf3 Qb4 11.Qd3 Nbd7 12.Bd2 e5 13.Nb5 Qxb2 14.Bc3 Qxa1 15.Bxa1 cxb5  16.cxb5 Rfc8 17.f4 exf4 18.gxf4 Rc7 19.e5 dxe5 20.fxe5 Nh5 21.Bd5 Nf8 22.Qb3  Kh8 23.Rxf7 Rc1+ 24.Rf1 Rac8 25.Bb2 R1c2 26.Bxb7 R8c7 27.Bc6 Re2 28.Ba3 Bh6  29.Bxf8 Be3+ 30.Qxe3 Rxe3 31.Bd6 ( 31.Bh6 Rg3+ 32.Kh2 Rc8 33.e6 ) 31...Rg7  32.Bd5 h6 33.e6 Kh7 34.Be5 Rxe5 35.dxe5 Ng3 36.Rf7 Nf5 37.a4 Ne7 38.Bb7 Kg8  39.Rxg7+ Kxg7 40.a5 Kf8 41.a6 Ke8 42.b6 1-0

[Event "Feuille d'Erable (Open)"]
[Site "Gatineau"]
[Date "2018.11.06"]
[Round "3"]
[White "Bastien Andre"]
[Black "Rioux Jocelyn"]
[Result "1/2-1/2"]
[BlackElo "1665"]
[EventDate "2018.11.06"]
[WhiteElo "1815"]

1.d4 Nf6 2.Nf3 d5 3.e3 e6 4.Bd3 c5 5.b3 Nc6 6.Bb2 cxd4 7.exd4 Bd6 8.O-O O-O  9.Ne5 Qc7 10.Qe2 Nb4 11.Rd1 Nxd3 12.Rxd3 b6 13.Rc3 Qe7 14.Nd2 Bb7 15.Rh3 Rac8  16.c3 Ne4 17.Nxe4 dxe4 18.Qh5 h6 19.Rg3 f6 20.Bc1 fxe5 21.Bxh6 Rf7 22.Bg5 Qc7  23.Rh3 Rf5 24.Qh7+ Kf7 25.Qh5+ Kg8 26.Qh7+ 1/2-1/2